1623 1409 1942 1955 1882 1356 1162 1615 1427 1966 1597 1338 1343 1729 1284 1355 1857 1703 1388 1207 1655 1082 1718 1524 1703 1059 1158 1007 1006 1679 1021 1197 1799 1677 1557 1457 1448 1028 1236 1312 1042 1239 1769 1701 1985 1065 1414 1884 1162 1400 1446 1932 1396 1061 1513 1572 1744 1755 1058 1288 1836 1048 1616 1462 1493 1499 1719 1834 1390 1747 1267 1458 1129 1525 1669 1230 1166 1753 1211 1561 1076 1644 1490 1910 1373 1784 1974 1653 1454 1290 1990 1626 1800 1939 1593 1716 1560 1464 1839 BCNSPRNW ULIB Ver.6.0+V

เปลี่ยนเป็นภาษาไทย

Change to English
 แสดงรายละเอียดบรรณานุกรม
  กลับหน้าหลัก

Brief Record : Get Marc (ISO 2709) : E-mail record : QR code < ปิดหน้าต่าง
LEADER : 00000nam 2200000uu 4500
001    13399122444
003     ULIB
008    130612s2552||||th 000 0 tha d
020    ^a9789740319801
060 04 ^aWL355^bน556ก
245 10 ^aการดูแลรักษาภาวะสมองขาดเลือดในระยะเฉียบพลัน =Management ofacute ischemic stroke /^cนิจศรี ชาญณรงค์ (สุวรรณเวลา)
246 31 ^aManagement of acute ischemic stroke
250    ^aพิมพ์ครั้งที่ 1
260    ^aกรุงเทพฯ :^bโรงพิมพ์แห่งจุฬาลงกรณ์มหาวิทยาลัย,^c2552
300    ^a277 หน้า :^bภาพประกอบ, ตาราง
504    ^aมีบรรณานุกรมและดรรชนีประกอบ
650  2 ^aBrain^xdiseases
650  2 ^aStroke
650  2 ^aCaregivers
700 10 ^aนิจศรี ชาญณรงค์ (สุวรรณเวลา),^eบรรณาธิการ
945    ^p490^l0^i19924
945    ^p490^l0^i19925
995    ^aทศพร
999    ^aทศพร
รายการนี้ยังไม่มีแท็ก
คุณยังไม่ได้ล็อกอิน คุณสามารถมีกิจกรรมร่วมกับเว็บไซต์ได้ แต่ต้องล็อกอินก่อน ::
  ล็อกอิน

รายการสื่อสารสนเทศ

ลำดับที่ ประเภท เลขเรียก/บาร์โค้ด สถานที่ สถานะ
1. วิทยาศาสตร์การแพทย์ และสุขภาพ
วิทยาศาสตร์การแพทย์ และสุขภาพ
สถานะ=หนังสือเก่า
WL355 น556ก ฉ.2 
  Barcode: 19925
ห้องสมุดวิทยาเขตนครสวรรค์
►ส่วนจัดเก็บหนังสือเก่า นว.
บนชั้น
  ขอยืม

รายการใกล้เคียง
    หัวเรื่อง [Stroke]
    หัวเรื่อง [Caregivers]

BibComment


ยังไม่เคยถูกคอมเมนท์

คอมเมนท์ทรัพยากรรายการนี้
  คอมเมนท์: การดูแลรักษาภาวะ..


 Copyright 2026. Bcnsprnw @Library